| 000 | 00950cam a2200313 i 4500 | ||
|---|---|---|---|
| 001 | 768714001 | ||
| 003 | CO-MdFUSB | ||
| 005 | 20241203160450.0 | ||
| 007 | ta | ||
| 008 | 230718t20131994us d|||| |||| 00| 0 spa d | ||
| 020 | _a9780881132120 | ||
| 040 |
_aCO-MdFUSB _bspa _cCO-MdFUSB _dCO-MdFUSB |
||
| 041 | 0 | _aspa | |
| 082 | 0 | 4 |
_223 _a235.4 _bM9781m |
| 100 | 1 |
_aMurphy, Edward F., (1921-) _eautor |
|
| 245 | 0 | 0 |
_aManual de guerra espiritual _c/ Ed Murphy ; traducido por Juan Sánchez Araujo |
| 264 | 1 |
_bGrupo Nelson, _aNashville, Tennessee : _c[2013] |
|
| 264 | 4 | _c© 2013 | |
| 300 | _axvi, 688 páginas | ||
| 336 |
_atexto _btxt _2rdacontent |
||
| 337 |
_2rdamedia _asin mediación _bn |
||
| 338 |
_2rdacarrier _avolumen _bnc |
||
| 500 | _aTítulo en inglés : Handbook for spiritual warfare | ||
| 563 | _aRustico | ||
| 653 | _aGuerra espiritual | ||
| 700 |
_aAraujo Sánchez, Juan _911162 _etraductor |
||
| 942 | _cBK | ||
| 945 | _aMiguel | ||
| 999 |
_c35049 _d35049 |
||